Cálculo infinitesimal /

Guardado en:
Autor Principal: Dieudonné, Jean Alexandre, 1906-
Formato: Libro
Idioma:Spanish
French
Publicado: Barcelona : Omega, c1971.
Series:Colección Métodos
Etiquetas: Agregar Etiqueta
Sin Etiquetas, Sea el primero en etiquetar este registro!
LEADER 01367nam a22002055a 4500
001 MAT.inmabb003068
008 051022s1971####sp#a##########001#0#spa#d
005 20160801171130.0
245 1 0 |a Cálculo infinitesimal /  |c Jean Dieudonné ; [traducido del francés por Antonio Fontdevila]. 
260 |a Barcelona :  |b Omega,  |c c1971. 
300 |a 503 p. :  |b il. ;  |c 22 cm. 
440 0 |a Colección Métodos 
500 |a Traducción de: Calcul infinitésimal. Paris : Hermann, 1968. 
505 0 |a 1. Mayorar, minorar -- 2. Aproximación de las raíces de una ecuación -- 3. Desarrollos asintóticos -- 4. Integrales dependientes de un parámetro -- 5. Aproximación uniforme -- 6. Funciones analíticas -- 7. La teoría de Cauchy -- 8. Puntos singulares de las funciones analíticas. Residuos -- 9. Aplicación de las funciones analíticas a los problemas de aproximación -- 10. Representación conforme -- 11. Ecuaciones diferenciales -- 12. Ecuaciones diferenciales lineales -- 13. Perturbaciones de los sistemas diferenciales lineales -- 14. Ecuaciones diferenciales lineales de segundo orden -- 15. Funciones de Bessel. 
510 4 |a MR,  |c 37 #2557  |3 (de la versión original) 
100 1 |a Dieudonné, Jean Alexandre,  |d 1906- 
240 1 0 |a Calcul infinitésimal.  |l Español 
084 |a 26-01 (30-01 34-01)  |2 msc2000 
041 1 |a spa  |h fre 
859 |h 26  |i D567e  |p A-4428  |b BIB. MATEMATICA